| 000 | 01686cam a22004454i 4500 | ||
|---|---|---|---|
| 003 | PE-LiUPU | ||
| 005 | 20250731172954.0 | ||
| 008 | 150623s1991 miu rb 000 0 spa d | ||
| 020 | _a0802809219 | ||
| 035 | _a(Sirsi) i9780802809216 | ||
| 040 |
_aPE-LiUPU _bspa _cPE-LiUPU _erda |
||
| 049 | _aPRUA | ||
| 082 | 0 | 4 |
_a270.82 _bD34 _221 |
| 100 | 1 |
_aDayton, Donald W., _eautor. |
|
| 245 | 1 | 0 |
_aRaíces teológicas del Pentecostalismo / _cDonald W. Dayton ; prefacio por Norberto Saracco. |
| 264 | 1 |
_aMichigan : _bNueva Creación, _c1991. |
|
| 300 |
_a163 páginas ; _c22 centímetros. |
||
| 336 |
_atext _2rdacontent |
||
| 337 |
_aunmediated _2rdamedia |
||
| 338 |
_avolume _2rdacarrier |
||
| 504 | _aBibliografía por capítulos. | ||
| 505 | 0 | _aHacia un análisis teológico del pentecostalismo -- Las raíces metodistas del pentecostalismo -- El avivamiento norteamericano de la perfección cristiana -- El triunfo de la doctrina del bautismo pentecostal del Espíritu Santo -- El surgimiento del premilenarismo -- Epilogo -- El surgimiento del pentecostalismo. | |
| 526 | _aSEG42 | ||
| 526 | _aSEG41 | ||
| 526 | _aSEG40 | ||
| 526 | _aSEG39 | ||
| 526 | _aP94 | ||
| 526 | _aP87 | ||
| 526 | _aP86 | ||
| 526 | _aP85 | ||
| 526 | _aP77 | ||
| 526 | _aP76 | ||
| 526 | _aP35 | ||
| 650 | 1 | 4 |
_aPentecostalismo _xHistoria de las doctrinas. |
| 650 | 2 | 4 |
_aPentecostalismo _xTeología. |
| 942 |
_2ddc _cBK |
||
| 949 |
_a270.82 D34 _wDEWEY _c1 _i45096 _d2015-11-11 _e2015-11-10 _lCCODEBUL1 _mBUL _n1 _r0 _sY _tBOOK _u2015-6-24 _xTEOLOGIA _0COMPRA _o.STAFF. Colección Teología |
||
| 999 |
_c21982 _d21982 |
||
| 980 |
_81 _gALBERTO SANCHEZ Responsable de Automatización |
||